000 00776nam a2200169 a 4500
008 100304s1993 ||||||||||||||||| || u
050 _aUN-ECA(01)PADIS
110 _aUnited Nations Economic Commission For Africa(UNECA)
245 1 0 _aReport of a consultancy mission on trade information
_cby United Nations Economic Commisssion for Africa (UN-ECA)
260 _aNairobi :
_bUNITED NATIONS ECONOMIC COMMISSION FOR AFRICA(UNECA)
_c1993
300 _a6p.
350 _a0.00
650 _aINFORMATION SERVICES
650 _aPADIS (INFORMATION RETRIEVAL SYSTEMS)
650 _aINFORMATION SERVICES--MANAGEMENT
995 _D0.00
_FCBU-MAIN LIBRARY (Kitwe)
_H1
_I0.00
_M1
_UAVAILABLE
_WMar 4, 2010
_ZInternational Publications
999 _c56078
_d56078